|
|
|
|
| LEADER |
00700nam a2200205 a 4500 |
| 001 |
c000096461 |
| 003 |
CARM |
| 005 |
00000000000000.0 |
| 008 |
950823t19601959enk 00001 eng d |
| 019 |
1 |
|
|a 11792130
|5 LACONCORD2021
|
| 035 |
|
|
|a (OCoLC)23685980
|5 LACONCORD2021
|
| 040 |
|
|
|a VLINC
|c VLINC
|
| 100 |
1 |
|
|a Dahl, Roald.
|
| 245 |
1 |
0 |
|a Kiss kiss /
|c Roald Dahl.
|
| 260 |
|
|
|a London :
|b Joseph,
|c 1960, c1959.
|
| 300 |
|
|
|a 255 p. ;
|c 21 cm.
|
| 852 |
8 |
|
|b CARM
|h A2:AD05A0
|i B02580
|p 0099536
|f BK
|
| 082 |
0 |
4 |
|a 823.914
|2 20
|
| 999 |
f |
f |
|i b799150b-a24f-5a8d-afdd-ad066d53fea4
|s b5042962-bd4c-52e1-a7c5-c4cb571c4036
|
| 952 |
f |
f |
|p Can circulate
|a CAVAL
|b CAVAL
|c CAVAL
|d CARM 1 Store
|e B02580
|f A2:AD05A0
|h Other scheme
|i book
|m 0099536
|